Design and test techniques for VLSI and WSI circuits (Record no. 63439)
[ view plain ]
| 000 -LEADER | |
|---|---|
| fixed length control field | 00970nam a2200193 a 4500 |
| 008 - FIXED-LENGTH DATA ELEMENTS--GENERAL INFORMATION | |
| fixed length control field | 120416s1989 ||||||||||||||||| || u |
| 020 ## - INTERNATIONAL STANDARD BOOK NUMBER | |
| International Standard Book Number | 0863411657 |
| 050 ## - LIBRARY OF CONGRESS CALL NUMBER | |
| Classification number | TK 7868.I5 Des |
| 100 ## - MAIN ENTRY--PERSONAL NAME | |
| Personal name | Massara, R.E |
| 245 10 - TITLE STATEMENT | |
| Title | Design and test techniques for VLSI and WSI circuits |
| Statement of responsibility, etc. | edited by R.E. Massara |
| 260 ## - PUBLICATION, DISTRIBUTION, ETC. | |
| Place of publication, distribution, etc. | London: |
| Name of publisher, distributor, etc. | Peter Peregrinus |
| Date of publication, distribution, etc. | 1989 |
| 300 ## - PHYSICAL DESCRIPTION | |
| Extent | vi, 315p. : ill |
| 350 ## - | |
| -- | 0.00 |
| 650 ## - SUBJECT ADDED ENTRY--TOPICAL TERM | |
| Topical term or geographic name entry element | INTEGRATED CIRCUITS--VERY LARGE SCALE INTEGRATION--DESIGN AND CONSTRUCTION |
| 650 ## - SUBJECT ADDED ENTRY--TOPICAL TERM | |
| Topical term or geographic name entry element | INTEGRATED CIRCUITS--VERY LARGE SCALE INTEGRATION--TESTING |
| 650 ## - SUBJECT ADDED ENTRY--TOPICAL TERM | |
| Topical term or geographic name entry element | INTEGRATED CIRCUITS--WATER-SCALE INTEGRATION--DESIGN AND CONSTRUCTION |
| 995 ## - | |
| -- | MAIN LIBRARY OPEN ACCESS |
| -- | 0.00 |
| -- | 722318 |
| -- | CBU-MAIN LIBRARY (Kitwe) |
| -- | 2 |
| -- | 42.00 |
| -- | TK 7868.I5 Des |
| -- | 2 |
| -- | AVAILABLE |
| -- | 016625 |
| -- | Main Library Open Access Collection |
| 995 ## - | |
| -- | MAIN LIBRARY OPEN ACCESS |
| -- | 0.00 |
| -- | 772319 |
| -- | CBU-MAIN LIBRARY (Kitwe) |
| -- | 1 |
| -- | 42.00 |
| -- | TK 7868.I5 Des |
| -- | AVAILABLE |
| -- | 016626 |
| -- | Main Library Open Access Collection |
| 999 ## - | |
| -- | 63439 |
| -- | 63439 |
| Withdrawn status | Lost status | Source of classification or shelving scheme | Damaged status | Not for loan | Permanent Location | Current Location | Shelving location | Date acquired | Total Checkouts | Full call number | Barcode | Date last seen | Price effective from | Koha item type |
|---|---|---|---|---|---|---|---|---|---|---|---|---|---|---|
| CBU-MAIN LIBRARY, KITWE. | CBU-MAIN LIBRARY, KITWE. | 12/24/2022 | TK 7868.I5 Des | 016625 | 12/24/2022 | 12/24/2022 | MONOGRAPH | |||||||
| CBU-MAIN LIBRARY, KITWE. | CBU-MAIN LIBRARY, KITWE. | 12/24/2022 | TK 7868.I5 Des | 016626 | 12/24/2022 | 12/24/2022 | MONOGRAPH |